Proceedings of a workshop held in Serdang, Selangor, Malaysia, 6 December 1989

Bibliographic Details
Corporate Author: WORKSHOP on Social Forestry in Malaysia
Other Authors: Ahmad Ainuddin Nuruddin, Kamis Awang, Zahid Emby
Format: Book
Published: Serdang, Selangor : UPM , 1990
Subjects:

MARC

LEADER 00000cam a2200000 7i4500
001 0000000754
005 20011025.0
090 0 0 |a 333.7509595   |b WOR 1990 
110 1 0 |a WORKSHOP on Social Forestry in Malaysia 
245 0 0 |a Proceedings of a workshop held in Serdang, Selangor, Malaysia, 6 December 1989   |c edited by Ahmad Ainuddin Nuruddin, Kamis Awang, Zahid Emby 
260 0 0 |a Serdang, Selangor :   |b UPM ,   |c 1990 
300 |a v, 110 p. :   |b maps ;   |c 30 cm. 
500 0 0 |a Includes references 
650 0 0 |a Forests and forestry   |x Social aspects   |z Malaysia 
650 0 0 |a Social forestry program   |z Malaysia 
700 0 1 |a Ahmad Ainuddin Nuruddin 
700 0 1 |a Kamis Awang 
700 0 1 |a Zahid Emby 
998 |a JPSM 
999 |a 0000000492   |b Monograph   |c Open Shelf   |e Default branch 
999 |a 0000002585   |b Monograph   |c Open Shelf   |e Default branch 
999 |a 0000003060   |b Monograph   |c Open Shelf   |e Default branch